000 00337nam a22001457a 4500
003 SGT
082 _a342.0954,BAS
100 _aBASU, DURGA DAS
245 _aINTRODUCTION TO THE CONSTITUTION OF INDIA
250 _a21ST
260 _aGURGAON
_bLEXIS NEXIS
_c2013
300 _a526
650 _aCONSTITUTION OF INDIA
942 _2ddc
_cBK
_04
999 _c9575
_d9575